[Event "Rapid Tournament (RAP)"]
[Site "Biel, CH"]
[Date "2025.07.13"]
[Round "9"]
[White "Rosen, Noah"]
[Black "Wilhelm, Marco"]
[Result "1-0"]
[Board "53"]
[WhiteFideId "1356267"]
[BlackFideId "1347039"]
[WhiteElo "1849"]
[BlackElo "1606"]
[WhiteTeam "SUI"]
[BlackTeam "SUI"]
[WhiteClock "0:07:56"]
[BlackClock "0:05:12"]
[Variant "Standard"]

1. e4 {[%clk 0:15:07]}  e6 {[%clk 0:15:09]} 2. d4 {[%clk 0:15:11]}  d5 {[%clk 0:15:14]} 3. e5 {[%clk 0:15:15]}  c5 {[%clk 0:15:18]} 4. c3 {[%clk 0:15:19]}  Nc6 {[%clk 0:15:22]} 5. Nf3 {[%clk 0:15:22]}  Qb6 {[%clk 0:15:26]} 6. a3 {[%clk 0:15:26]}  cxd4 {[%clk 0:15:21]} 7. cxd4 {[%clk 0:15:28]}  Nge7 {[%clk 0:15:22]} 8. Nc3 {[%clk 0:15:31]}  Nf5 {[%clk 0:15:12]} 9. Na4 {[%clk 0:15:34]}  Qc7 {[%clk 0:15:00]} 10. b4 {[%clk 0:15:35]}  b6 {[%clk 0:14:56]} 11. Bb2 {[%clk 0:15:31]}  Bd7 {[%clk 0:14:49]} 12. Rc1 {[%clk 0:15:33]}  Qd8 {[%clk 0:14:45]} 13. Bb5 {[%clk 0:13:33]}  Rc8 {[%clk 0:14:25]} 14. O-O {[%clk 0:13:35]}  Be7 {[%clk 0:14:25]} 15. Ba6 {[%clk 0:13:04]}  Rc7 {[%clk 0:13:24]} 16. Nc3 {[%clk 0:13:06]}  Nb8 {[%clk 0:13:26]} 17. Bd3 {[%clk 0:12:46]}  O-O {[%clk 0:13:18]} 18. Nb5 {[%clk 0:12:48]}  Bxb5 {[%clk 0:13:07]} 19. Bxb5 {[%clk 0:12:43]}  a6 {[%clk 0:13:05]} 20. Bd3 {[%clk 0:12:40]}  Nh6 {[%clk 0:12:28]} 21. h3 {[%clk 0:12:13]}  b5 {[%clk 0:12:19]} 22. Bb1 {[%clk 0:11:47]}  Nd7 {[%clk 0:12:02]} 23. Qd3 {[%clk 0:11:49]}  g6 {[%clk 0:11:54]} 24. Rc3 {[%clk 0:11:15]}  Nb6 {[%clk 0:11:23]} 25. Bc1 {[%clk 0:10:45]}  Nf5 {[%clk 0:11:04]} 26. g4 {[%clk 0:10:25]}  Ng7 {[%clk 0:11:03]} 27. Rxc7 {[%clk 0:09:42]}  Qxc7 {[%clk 0:11:06]} 28. Qd2 {[%clk 0:09:46]}  Rc8 {[%clk 0:09:54]} 29. Qh6 {[%clk 0:09:44]}  Qd8 {[%clk 0:09:57]} 30. Bg5 {[%clk 0:09:39]}  f6 {[%clk 0:08:47]} 31. exf6 {[%clk 0:09:15]}  Bxf6 {[%clk 0:08:49]} 32. Bxf6 {[%clk 0:09:11]}  Qxf6 {[%clk 0:08:53]} 33. Ng5 {[%clk 0:09:14]}  Rd8 {[%clk 0:08:07]} 34. Nxh7 {[%clk 0:08:28]}  Qf7 {[%clk 0:07:29]} 35. Bxg6 {[%clk 0:08:22]}  Nf5 {[%clk 0:05:51]} 36. Bxf7+ {[%clk 0:08:24]}  Kxf7 {[%clk 0:05:50]} 37. gxf5 {[%clk 0:08:14]}  Rg8+ {[%clk 0:05:36]} 38. Kh2 {[%clk 0:07:56]}  exf5 {[%clk 0:05:33]} 39. Qf6+ {[%clk 0:07:50]}  Ke8 {[%clk 0:05:19]} 40. Re1+ {[%clk 0:07:54]}  Kd7 {[%clk 0:05:17]} 41. Qf7+ {[%clk 0:07:57]}  Kc6 {[%clk 0:05:12]} 42. Re6# {[%clk 0:07:56]} 1-0

[Event "Rapid Tournament (RAP)"]
[Site "Biel, CH"]
[Date "2025.07.13"]
[Round "9"]
[White "Moesching, Colin"]
[Black "Fortier, Nicolas"]
[Result "1-0"]
[Board "55"]
[WhiteFideId "1345036"]
[BlackFideId "1308750"]
[WhiteElo "1751"]
[BlackElo "1816"]
[WhiteTeam "SUI"]
[BlackTeam "SUI"]
[WhiteClock "0:05:12"]
[BlackClock "0:01:45"]
[Variant "Standard"]

1. Nf3 {[%clk 0:15:05]}  Nf6 {[%clk 0:15:06]} 2. g3 {[%clk 0:15:07]}  d5 {[%clk 0:15:07]} 3. d4 {[%clk 0:15:06]}  c6 {[%clk 0:15:10]} 4. c4 {[%clk 0:15:04]}  e6 {[%clk 0:15:01]} 5. Bg2 {[%clk 0:14:58]}  Be7 {[%clk 0:14:56]} 6. O-O {[%clk 0:15:00]}  O-O {[%clk 0:14:57]} 7. Qc2 {[%clk 0:15:01]}  Re8 {[%clk 0:14:46]} 8. Nbd2 {[%clk 0:15:03]}  Nbd7 {[%clk 0:14:40]} 9. Rd1 {[%clk 0:15:04]}  Nf8 {[%clk 0:14:17]} 10. e4 {[%clk 0:14:54]}  dxe4 {[%clk 0:14:14]} 11. Nxe4 {[%clk 0:14:57]}  Nxe4 {[%clk 0:13:08]} 12. Qxe4 {[%clk 0:14:59]}  Bf6 {[%clk 0:12:39]} 13. h4 {[%clk 0:14:35]}  c5 {[%clk 0:11:57]} 14. Bg5 {[%clk 0:14:17]}  cxd4 {[%clk 0:11:37]} 15. Rxd4 {[%clk 0:13:36]}  Qe7 {[%clk 0:11:17]} 16. Rad1 {[%clk 0:13:23]}  Nd7 {[%clk 0:10:31]} 17. Rd6 {[%clk 0:12:34]}  Nc5 {[%clk 0:09:36]} 18. Qe3 {[%clk 0:12:13]}  Nd7 {[%clk 0:07:32]} 19. Bxf6 {[%clk 0:11:26]}  Nxf6 {[%clk 0:07:30]} 20. Ne5 {[%clk 0:11:28]}  Rb8 {[%clk 0:07:13]} 21. Qd4 {[%clk 0:11:19]}  h6 {[%clk 0:06:43]} 22. Rd8 {[%clk 0:10:18]}  Kf8 {[%clk 0:05:09]} 23. Rxe8+ {[%clk 0:08:24]}  Kxe8 {[%clk 0:05:04]} 24. Qxa7 {[%clk 0:08:19]}  Qc7 {[%clk 0:04:52]} 25. Qd4 {[%clk 0:07:34]}  Ra8 {[%clk 0:04:19]} 26. a3 {[%clk 0:07:24]}  Ra5 {[%clk 0:04:11]} 27. f4 {[%clk 0:06:26]}  Nh5 {[%clk 0:03:15]} 28. Qd3 {[%clk 0:05:27]}  Nf6 {[%clk 0:02:46]} 29. b4 {[%clk 0:05:22]}  Ra8 {[%clk 0:02:09]} 30. g4 {[%clk 0:05:08]}  Bd7 {[%clk 0:01:44]} 31. g5 {[%clk 0:05:10]}  hxg5 {[%clk 0:01:45]} 32. hxg5 {[%clk 0:05:12]} 1-0